00306nam a2200121Ia 4500003000400000008004100004040001600045082001500061245005400076260003800130300001100168490000500179GCL140319s9999 xx 000 0 ara d aGCL / cGCL04a243bس ا10aالانسان ذلك المخلوق العجيب a[S.N] : bمكتبة مدبولى a198 ص a